Регионална библиотека "Любен Каравелов" - Русе

Определител на вредните насекоми по културните растения (Запис номер 57265)

MARC детайли
000 -Лидер
Контролно поле с фиксирана дължина nam a22 a 4500
005 - Дата и час на последна редакция
Контролно поле 20220628162847.0
008 - Елементи от данни с фиксирана дължина
fixed length control field 180408b bul|||||r ||||||| ||bul||
040 ## - Източник на каталожния запис
Идентификатор на билиотеката - собственик на записа BLK
041 ## - Код за език
Код за езика на текст/звукозапис или на отделно заглавие Български
Код за езика КДБФ Български
080 ## - УДК
Текстов определител УДК Насекоми, вредители на селскостопанските растения
УДК код - определител по УДК 632.7
УДК определител (035)
УДК - код + определител 632.7(035)
139 ## - Редно поле
Редна дума Определител на вредните насекоми по културните растения
Авторски знак Опр - О 63
245 10 - Сведения за заглавието
Заглавие Определител на вредните насекоми по културните растения
Подзаглавни данни Ръководство
250 ## - Област на изданието
Сведения за изданието 2. прераб. и доп. изд
257 ## - Страна на издаване
Страна на създаване/издаване България
260 ## - Област на издателските данни
Място на издаване, разпространение и проч. София
Име на издателя, разпространителя и проч. Земиздат
Година на издаване 1971
300 ## - Физическа характеристика
Страници 559 с.
Илюстрации и др. с ил.
Размери/Мащаб 22 см
380 ## - Жанр
Жанр Селско стопанство
500 ## - Общи забележки
Забележка Авт. В. И. Попов, Ст. П. Григоров, М. Г. Макаров, Д. И. Буров.
650 #4 - Допълнително описание по предмет – тема
Основно описание – тема или топоним Насекоми, вредни - справочници
9 (RLIN) 255419
653 ## - Ключова дума – ненормативна
Ключова дума насекоми
653 ## - Ключова дума – ненормативна
Ключова дума вредители на растенията
653 ## - Ключова дума – ненормативна
Ключова дума наръчници
852 ## - Местоположение
Форматна сигнатура Цб 60160
Фондова буква Хранилище
856 4# - Електронен адрес и достъп
Електронен формат pdf - файл
856 4# - Електронен адрес и достъп
Електронен формат pdf - файл
999 ## - СИСТЕМНИ КОНТРОЛНИ НОМЕРА
Koha biblionumber 57265
Koha biblioitemnumber 57265
942 ## - АРТИКУЛИ
Вид на библиотечния материал Книги
Скрит в OPAC Не
Периодичен библиозапис Да
944 ## - СЪЗДАВАНЕ И РЕДАКЦИЯ на ЗАПИСА
Създаване/Редакция Създаване
Дата на регистрацията/редакция 13.06.2004
Служител, извършил регистрацията/редакцията Цветанка_Енчева
944 ## - СЪЗДАВАНЕ И РЕДАКЦИЯ на ЗАПИСА
Създаване/Редакция Редакция
Дата на регистрацията/редакция 2022-06-28
Служител, извършил регистрацията/редакцията Кети
999 ## - СИСТЕМНИ КОНТРОЛНИ НОМЕРА
Koha biblioitemnumber 57265
Наличности
Код за отписване Код за изгубен артикул Източник на класификационната схема Код за повреда Коз за рестрикции Код за отдаване Артикулен № Име на библиотеката - собственик Име на библиотеката, в която се намира в момента Статус (Текущо местоположение) Дата на вписване в системата Местоположение - отдел Цена в лева Инвентарен номер Систематично азбучна сигнатура Баркод Номер на екземпляра Цена в евро Служебна бележка Служебен тип на артикула
Изтеглен Не е изгубен Universal Decimal Classification Не е повреден без рестрикции ползва се в читалня 92446 Регионална библиотека "Любен Каравелов" Русе Регионална библиотека "Любен Каравелов" Русе Читалня 1993-01-01 Читалня 2.09 103746 Ч 631/635/О 63 103746 1 1.07 Дата инв: 20.03.2017 Бележки инв: Ч2017 Книги
  Не е изгубен Universal Decimal Classification Не е повреден само за читалня ползва се в читалня 92447 Регионална библиотека "Любен Каравелов" Русе Регионална библиотека "Любен Каравелов" Русе Хранилище 2001-01-01 Хранилище 2.09 103334 Цб 60160 120000103334 2 1.07 Дост: Dp Вид: Д N: стар фонд Дата: 01.01.2001 Книги
Vip Innovations Ltd, Rousse, Bulgaria 2025